000 00377cam a22001097a 4500
008 180718b1957 xxu||||| |||| 00| 0 eng d
082 _aP1108x42
245 _aTraining of Teachers: suggestions for a three year training college course
_cby Ministry of Education
260 _aLondon
_bHer Majesty's Stationery Office
_c1957
300 _a23p.
700 _aU.K. Ministry of Education
999 _c414641
_d414641